|
|
|
|
| LEADER |
01253nam a2200301 a 4500 |
| 001 |
0017471 |
| 003 |
BD-DhAAL |
| 008 |
100404s2006 enka b 001 0 eng d |
| 020 |
|
|
|a 9780421961203 (pbk.)
|
| 020 |
|
|
|a 0421961201 (pbk.)
|
| 040 |
|
|
|a UKM
|c UKM
|d NLGGC
|d OL
|d BTCTA
|d YDXCP
|d WCL
|d BD-DhAAL
|
| 082 |
0 |
0 |
|a 340.014
|2 22
|
| 100 |
1 |
|
|a Higgins, Edwina.
|9 58522
|
| 245 |
0 |
0 |
|a Successful legal writing /
|c Edwina Higgins, Laura Tatham
|
| 250 |
|
|
|a First edition.
|
| 260 |
|
|
|a London :
|b Sweet & Maxwell,
|c 2006.
|
| 300 |
|
|
|a x, 193 p. :
|b ill. ;
|c 25 cm
|
| 490 |
0 |
|
|a Legal skills.
|
| 504 |
|
|
|a Includes bibliographical references and index.
|
| 526 |
|
|
|a SOL
|x Saira Rahman Khan
Assistant Professor
School of Law
BRAC University
|
| 541 |
1 |
|
|e 0017471
|a D. S. Books International
|
| 650 |
|
0 |
|a Legal composition.
|
| 700 |
1 |
|
|a Tatham, Laura.
|9 58523
|
| 830 |
|
|
|a Legal skills
|9 58524
|
| 852 |
4 |
|
|a Ayesha Abed Library
|c General Stacks
|
| 942 |
0 |
0 |
|0 1
|2 ddc
|c BK
|
| 999 |
|
|
|c 7955
|d 7955
|
| 952 |
|
|
|0 0
|1 0
|2 ddc
|4 0
|6 340_014000000000000_HIG_2006
|7 0
|9 8946
|a BRACUL
|b BRACUL
|c GEN
|d 2010-04-04
|e D. S. Books International
|l 23
|m 142
|o 340.014 HIG
|p 3010017471
|r 2025-05-27
|s 2024-09-12
|t 1
|w 2010-04-04
|y BK
|x Requisitioned by Saira Rahman Khan (Assistant Professor) ; USD 36.74
|